[Event "Oberliga Ost-B 1819"]
[White "Henrich, Thomas"]
[Black "Zimmermann, Hendrik"]
[Site "Germany"]
[Round "5.1"]
[Result "1/2-1/2"]
[Date "2018.12.16"]
[WhiteElo "2210"]
[BlackElo "2200"]
[PlyCount "126"]
[EventDate "2018.10.21"]
[EventType "team-tourn"]
[EventRounds "11"]
[EventCountry "GER"]
[SourceTitle "EXT 2020"]
[Source "ChessBase"]
[SourceDate "2019.10.17"]
[SourceVersion "1"]
[SourceVersionDate "2019.10.17"]
[SourceQuality "1"]
[WhiteTeam "Marburg"]
[BlackTeam "Nied Koenig"]
[WhiteTeamCountry "GER"]
[BlackTeamCountry "GER"]

1. d4 f5 2. Nc3 Nf6 3. Bg5 d5 4. f3 c5 5. e4 Nc6 6. Bxf6 gxf6 7. exd5 Nxd4 8. Qd2 e5 9. dxe6 Bxe6 10. Nb5 Qb6 11. Nxd4 cxd4 12. 0-0-0 0-0-0 13. Bd3 h5 14. a3 Bh6 15. f4 Qd6 16. Ne2 Qd5 17. g3 Rh7 18. Rhe1 Bd7 19. Qb4 Bf8 20. Qxd4 Qc6 21. Qxa7 Bc5 22. Qa8+ Kc7 23. Qa5+ Bb6 24. Qc3 h4 25. Qxc6+ bxc6 26. Bc4 Re7 27. Ng1 Rxe1 28. Rxe1 Bf2 29. Rf1 hxg3 30. hxg3 Bxg3 31. Ne2 Bh4 32. Bd3 Be6 33. Rh1 Bf2 34. Rh6 Be3+ 35. Kb1 Rf8 36. b3 Kd6 37. Kb2 Ke7 38. Rh3 Bb6 39. Kc3 c5 40. Rh5 Ra8 41. Kb2 Rd8 42. Rh7+ Kd6 43. Rg7 Rh8 44. Ng3 Rh4 45. Bxf5 Rxf4 46. Bxe6 Kxe6 47. Rb7 Bd8 48. Nh5 Rf3 49. Ng7+ Kd6 50. b4 Kc6 51. Rf7 Bc7 52. Rxc7+ Kxc7 53. Ne6+ Kb6 54. Nxc5 f5 55. Nd3 Re3 56. a4 Re4 57. Kc3 f4 58. Nc5 Re8 59. Kd2 f3 60. Nd3 Re2+ 61. Kd1 Re3 62. Kd2 Re2+ 63. Kd1 Re3 1/2-1/2

[Event "Oberliga Ost-B 1819"]
[White "Braun, Vitali"]
[Black "Zimmermann, Hendrik"]
[Site "Germany"]
[Round "2.1"]
[Result "0-1"]
[Date "2018.11.10"]
[WhiteElo "2388"]
[BlackElo "2200"]
[PlyCount "188"]
[EventDate "2018.10.21"]
[EventType "team-tourn"]
[EventRounds "11"]
[EventCountry "GER"]
[SourceTitle "EXT 2020"]
[Source "ChessBase"]
[SourceDate "2019.10.17"]
[SourceVersion "1"]
[SourceVersionDate "2019.10.17"]
[SourceQuality "1"]
[WhiteTeam "Griesheim II"]
[BlackTeam "Nied Koenig"]
[WhiteTeamCountry "GER"]
[BlackTeamCountry "GER"]

1. d4 f5 2. Bg5 h6 3. Bh4 g5 4. Bg3 Bg7 5. e3 d6 6. Qh5+ Kf8 7. Bc4 e6 8. Nc3 Nf6 9. Qe2 Nc6 10. 0-0-0 Qe7 11. h4 Nd8 12. f3 Nf7 13. e4 f4 14. Bf2 e5 15. Qd2 c6 16. Nge2 b5 17. Bb3 a5 18. a3 Rb8 19. g3 g4 20. gxf4 gxf3 21. Ng3 Ng4 22. dxe5 dxe5 23. Nh5 a4 24. Bxf7 Kxf7 25. Nxg7 Kxg7 26. fxe5 b4 27. Nb1 Be6 28. Rhg1 h5 29. Qd6 Qf7 30. axb4 Kh7 31. Bc5 Qf4+ 32. Nd2 Rhe8 33. Kb1 f2 34. Rgf1 Rbd8 35. Qxc6 Rxd2 36. Rxd2 Qxd2 37. Bxf2 Qe2 38. Rc1 Qc4 39. Qxc4 Bxc4 40. Bg3 Nxe5 41. b3 axb3 42. cxb3 Bd3+ 43. Kb2 Bxe4 44. Rc7+ Kg6 45. b5 Re6 46. Kc3 Nf3 47. Kc4 Nd2+ 48. Kc3 Nf3 49. Kc4 Kf5 50. Bf2 Ne5+ 51. Kc3 Nd3 52. Be3 Ne5 53. Rg7 Ng6 54. b6 Re7 55. Rxe7 Nxe7 56. Kc4 Ke6 57. Bg5 Nf5 58. Kc5 Bb7 59. Bd8 Ne7 60. Bc7 Kd7 61. Bg3 Nf5 62. Bf2 Be4 63. Kb5 Nd6+ 64. Kc5 Nb7+ 65. Kd4 Bc2 66. Kc3 Bd1 67. Bg1 Kc6 68. Kb4 Be2 69. Bf2 Ba6 70. Bg1 Nd6 71. Ka5 Bd3 72. Bf2 Bc2 73. Bg3 Nb7+ 74. Ka6 Bxb3 75. Ka7 Bd5 76. Bc7 Kd7 77. Kb8 Bf3 78. Bh2 Ke6 79. Kc7 Kf5 80. Bg3 Nc5 81. Bf2 Nd3 82. Bd4 Nf4 83. Bf2 Kg4 84. b7 Bxb7 85. Kxb7 Nd3 86. Bg1 Kxh4 87. Bh2 Kh3 88. Bd6 Kg4 89. Kc6 h4 90. Kd5 Kf3 91. Bh2 h3 92. Kd4 Nf2 93. Bc7 Ne4 94. Bh2 Kg2 0-1

[Event "Oberliga Ost-B 1718"]
[White "Lubbe, Nikolas"]
[Black "Zimmermann, Hendrik"]
[Site "Germany"]
[Round "10.1"]
[Result "1-0"]
[Date "2018.04.14"]
[WhiteElo "2515"]
[BlackElo "2175"]
[PlyCount "105"]
[EventDate "2017.10.22"]
[EventType "team-tourn"]
[EventRounds "11"]
[EventCountry "GER"]
[SourceTitle "EXT 2019"]
[Source "ChessBase"]
[SourceDate "2018.10.10"]
[SourceVersion "1"]
[SourceVersionDate "2018.10.10"]
[SourceQuality "1"]
[WhiteTeam "Neuberg"]
[BlackTeam "Frankfurt Koenig Nied"]
[WhiteTeamCountry "GER"]
[BlackTeamCountry "GER"]

1. Nf3 f5 2. d3 Nc6 3. d4 e6 4. a3 Nf6 5. b4 g6 6. Bb2 Bg7 7. e3 0-0 8. Nbd2 b6 9. Be2 Bb7 10. 0-0 Qe7 11. b5 Nd8 12. a4 Nf7 13. a5 d6 14. c4 Rfe8 15. a6 Bc8 16. Ba3 g5 17. c5 bxc5 18. dxc5 Nd5 19. Qb3 Bxa1 20. Rxa1 Nf6 21. Rc1 g4 22. Nd4 e5 23. cxd6 cxd6 24. Nc6 Qe6 25. Bc4 d5 26. Bf1 Kg7 27. Bc5 Kg6 28. Nxa7 Nd7 29. Ba3 Rxa7 30. Rc6 Rxa6 31. Rxe6+ Raxe6 32. Qxd5 Nb6 33. Qb3 Bb7 34. e4 fxe4 35. Qe3 Ng5 36. Be2 h5 37. Nc4 Nxc4 38. Bxc4 Rd8 39. h4 gxh3 40. Bc1 Rd1+ 41. Kh2 Rxc1 42. Bxe6 Nxe6 43. Qxc1 hxg2 44. Qe3 Bd5 45. Kxg2 Nf4+ 46. Kh2 Kf5 47. b6 h4 48. Qc5 Kg4 49. Qd6 Kf3 50. Qxe5 Bb7 51. Qg5 Nd3 52. Qe3+ Kg4 53. Qh3+ 1-0

[Event "Oberliga Ost-B 1718"]
[White "Zimmermann, Hendrik"]
[Black "Strache, Michael"]
[Site "Germany"]
[Round "3.1"]
[Result "1-0"]
[Date "2017.11.12"]
[WhiteElo "2175"]
[BlackElo "2287"]
[PlyCount "127"]
[EventDate "2017.10.22"]
[EventType "team-tourn"]
[EventRounds "11"]
[EventCountry "GER"]
[SourceTitle "EXT 2019"]
[Source "ChessBase"]
[SourceDate "2018.10.10"]
[SourceVersion "1"]
[SourceVersionDate "2018.10.10"]
[SourceQuality "1"]
[WhiteTeam "Frankfurt Koenig Nied"]
[BlackTeam "Sangerhausen"]
[WhiteTeamCountry "GER"]
[BlackTeamCountry "GER"]

1. e4 c5 2. Nf3 d6 3. d4 cxd4 4. Nxd4 Nf6 5. Nc3 a6 6. Bg5 Qb6 7. Bxf6 gxf6 8. Nd5 Qd8 9. Qh5 Nc6 10. 0-0-0 e6 11. Nxc6 bxc6 12. Ne3 Rb8 13. Bc4 a5 14. Rd2 a4 15. Re1 a3 16. Bb3 Rb5 17. Qd1 Qc7 18. f4 Be7 19. f5 h5 20. Kb1 axb2 21. Qe2 Re5 22. Nc4 Ba6 23. fxe6 fxe6 24. Qd3 d5 25. Nd6+ Bxd6 26. Qxa6 Ke7 27. Rde2 Bb4 28. Rd1 dxe4 29. Qc4 c5 30. Rxe4 Rd8 31. Rxd8 Kxd8 32. Kxb2 Qa5 33. Qd3+ Ke7 34. Rxe5 Ba3+ 35. Kb1 fxe5 36. c3 Qa8 37. Qe2 Qc6 38. Qxe5 c4 39. Qg7+ Kd8 40. Qd4+ Bd6 41. Bxc4 e5 42. Qd5 Qb6+ 43. Kc2 Qf2+ 44. Kb3 Qb6+ 45. Qb5 Qg1 46. Qd5 Kc7 47. Kc2 Qf2+ 48. Kd1 Qe3 49. Bd3 h4 50. Qc4+ Bc5 51. Be4 h3 52. gxh3 Qg1+ 53. Kc2 Qxh2+ 54. Kb3 Kb6 55. a4 Qg1 56. Qd5 Kc7 57. a5 Qe3 58. Qxe5+ Bd6 59. Qd5 Kc8 60. Qc6+ Bc7 61. Bf5+ Kb8 62. Be4 Kc8 63. Qe8+ Bd8 64. Bf5+ 1-0

[Event "Oberliga Ost-B 1718"]
[White "Matviishen, Viktor"]
[Black "Zimmermann, Hendrik"]
[Site "Germany"]
[Round "2.1"]
[Result "1/2-1/2"]
[Date "2017.11.11"]
[WhiteElo "2433"]
[BlackElo "2175"]
[PlyCount "99"]
[EventDate "2017.10.22"]
[EventType "team-tourn"]
[EventRounds "11"]
[EventCountry "GER"]
[SourceTitle "EXT 2019"]
[Source "ChessBase"]
[SourceDate "2018.10.10"]
[SourceVersion "1"]
[SourceVersionDate "2018.10.10"]
[SourceQuality "1"]
[WhiteTeam "Kassel"]
[BlackTeam "Frankfurt Koenig Nied"]
[WhiteTeamCountry "GER"]
[BlackTeamCountry "GER"]

1. d4 f5 2. c4 Nf6 3. g3 g6 4. Bg2 Bg7 5. Nc3 0-0 6. Nf3 d6 7. 0-0 Nc6 8. b3 e5 9. Bb2 e4 10. Ne1 d5 11. Nc2 Be6 12. cxd5 Nxd5 13. Nxd5 Bxd5 14. Qd2 Qf6 15. b4 Ne7 16. Ne3 Bf7 17. Rac1 c6 18. Nc4 Bd5 19. a4 Rfd8 20. b5 Rac8 21. Qb4 Qe6 22. Ne3 Bh6 23. Qa3 f4 24. gxf4 Bxf4 25. bxc6 bxc6 26. Rc3 Bd6 27. Qa1 Nf5 28. Nxd5 cxd5 29. Rxc8 Rxc8 30. Ba3 Bb8 31. Rc1 Rxc1+ 32. Qxc1 Bd6 33. Bxd6 Qxd6 34. Qc3 Kg7 35. Bh3 Qf4 36. Bxf5 Qxf5 37. Qc7+ Kh6 38. a5 a6 39. Qc3 Kg5 40. Kf1 h5 41. h4+ Kh6 42. Qc1+ Kg7 43. Qc7+ Kh6 44. Qg3 Qf6 45. e3 Qd8 46. Qf4+ Kg7 47. Qe5+ Kf7 48. Qf4+ Kg7 49. Qe5+ Kf7 50. Qf4+ 1/2-1/2

[Event "Oberliga Ost-B 1516"]
[White "Zimmermann, Hendrik"]
[Black "Kunin, Vitaly L"]
[Site "Germany"]
[Round "7.1"]
[Result "0-1"]
[Date "2016.01.17"]
[WhiteElo "2110"]
[BlackElo "2571"]
[PlyCount "62"]
[EventDate "2015.09.20"]
[EventType "team-tourn"]
[EventRounds "11"]
[EventCountry "GER"]
[SourceTitle "EXT 2017"]
[Source "ChessBase"]
[SourceDate "2016.10.25"]
[SourceVersion "1"]
[SourceVersionDate "2016.10.25"]
[SourceQuality "1"]
[WhiteTeam "Nied"]
[BlackTeam "Moerlenbach"]
[WhiteTeamCountry "GER"]
[BlackTeamCountry "GER"]

1. d4 e6 2. e4 d5 3. Nc3 dxe4 4. Nxe4 Bd7 5. Nf3 Bc6 6. Bd3 Nd7 7. Qe2 Ngf6 8. Bd2 Be7 9. 0-0-0 Bxe4 10. Bxe4 Nxe4 11. Qxe4 c6 12. Rhe1 0-0 13. g4 Nb6 14. Qd3 c5 15. Bc3 c4 16. Qe4 Nd5 17. Ne5 Rc8 18. Kd2 f5 19. gxf5 Rxf5 20. Ng4 Bg5+ 21. Ke2 Qd6 22. h4 Bf4 23. Kf1 h5 24. Ne5 Bg3 25. Kg2 Bxf2 26. Re2 Rf4 27. Qg6 Rg4+ 28. Qxg4 hxg4 29. Kxf2 Rf8+ 30. Kg3 Rf3+ 31. Kxg4 Qf8 0-1

[Event "Oberliga Ost-B 1516"]
[White "Chojnacki, Krzysztof"]
[Black "Zimmermann, Hendrik"]
[Site "Germany"]
[Round "6.1"]
[Result "1/2-1/2"]
[Date "2016.01.16"]
[WhiteElo "2393"]
[BlackElo "2110"]
[PlyCount "75"]
[EventDate "2015.09.20"]
[EventType "team-tourn"]
[EventRounds "11"]
[EventCountry "GER"]
[SourceTitle "EXT 2017"]
[Source "ChessBase"]
[SourceDate "2016.10.25"]
[SourceVersion "1"]
[SourceVersionDate "2016.10.25"]
[SourceQuality "1"]
[WhiteTeam "Wiesbaden"]
[BlackTeam "Nied"]
[WhiteTeamCountry "GER"]
[BlackTeamCountry "GER"]

1. d4 f5 2. Nc3 Nf6 3. Bg5 d5 4. Bxf6 exf6 5. e3 Be6 6. Bd3 Nc6 7. Nge2 Bd6 8. Nb5 a6 9. Nxd6+ Qxd6 10. c3 Ne7 11. Nf4 Bf7 12. Qc2 g6 13. 0-0-0 0-0-0 14. h3 h5 15. g4 hxg4 16. hxg4 fxg4 17. Bxg6 Nxg6 18. Nxg6 Bxg6 19. Qxg6 Qe6 20. Rdg1 Rhg8 21. Qh6 Qf5 22. Qh2 Qe4 23. Qg2 Qxg2 24. Rxg2 f5 25. Kd2 Rgf8 26. Ke2 Rde8 27. Rh7 Re4 28. Kd3 f4 29. Rxg4 fxe3 30. f3 Ree8 31. Ke2 Rxf3 32. Kxf3 e2 33. Rgg7 e1Q 34. Rxc7+ Kb8 35. Rxb7+ Ka8 36. Ra7+ Kb8 37. Rab7+ Ka8 38. Ra7+ 1/2-1/2

[Event "Oberliga Ost-B 1516"]
[White "Zimmermann, Hendrik"]
[Black "Sadzikowski, Daniel"]
[Site "Germany"]
[Round "3.1"]
[Result "0-1"]
[Date "2015.10.11"]
[WhiteElo "2110"]
[BlackElo "2480"]
[PlyCount "62"]
[EventDate "2015.09.20"]
[EventType "team-tourn"]
[EventRounds "11"]
[EventCountry "GER"]
[SourceTitle "EXT 2017"]
[Source "ChessBase"]
[SourceDate "2016.10.25"]
[SourceVersion "1"]
[SourceVersionDate "2016.10.25"]
[SourceQuality "1"]
[WhiteTeam "Nied"]
[BlackTeam "Heusenstamm"]
[WhiteTeamCountry "GER"]
[BlackTeamCountry "GER"]

1. Nf3 d5 2. c4 e6 3. g3 Nf6 4. Bg2 Be7 5. 0-0 0-0 6. b3 d4 7. e3 c5 8. exd4 cxd4 9. Bb2 Nc6 10. Re1 Re8 11. d3 Bf8 12. a3 a5 13. Ne5 Nxe5 14. Rxe5 Nd7 15. Rb5 Nc5 16. b4 axb4 17. axb4 Rxa1 18. Bxa1 Na6 19. Qb3 b6 20. Bc6 Re7 21. Nd2 Ra7 22. Bb2 Qc7 23. Be4 Bd7 24. Kg2 Bxb5 25. cxb5 Nxb4 26. Bxd4 Nc2 27. Bb2 Qc5 28. Nc4 Nd4 29. Bxd4 Qxd4 30. Ne3 Bc5 31. g4 Qa1 0-1

[Event "Hessenliga 1415"]
[White "Jankovic, Alojzije"]
[Black "Zimmermann, Hendrik"]
[Site "Hessen"]
[Round "9.1"]
[Result "1/2-1/2"]
[Date "2015.04.19"]
[WhiteElo "2555"]
[BlackElo "2122"]
[PlyCount "55"]
[EventDate "2014.09.28"]
[EventType "team-tourn"]
[EventRounds "9"]
[EventCountry "GER"]
[SourceTitle "EXT 2016"]
[Source "ChessBase"]
[SourceDate "2015.10.08"]
[SourceVersion "1"]
[SourceVersionDate "2015.10.08"]
[SourceQuality "1"]
[WhiteTeam "Gelnhausen"]
[BlackTeam "Nied"]
[WhiteTeamCountry "GER"]
[BlackTeamCountry "GER"]

1. d4 f5 2. g3 Nf6 3. Bg2 g6 4. c4 Bg7 5. Nf3 0-0 6. 0-0 d6 7. Nc3 Nc6 8. d5 Na5 9. Qa4 b6 10. Nd4 Bd7 11. Qb4 e5 12. Ne6 c5 13. Qa3 Bxe6 14. dxe6 e4 15. f3 Qe7 16. fxe4 Nxe4 17. Nxe4 fxe4 18. Bxe4 Rxf1+ 19. Kxf1 Rf8+ 20. Kg2 Nxc4 21. Qd3 Nxb2 22. Bxb2 Bxb2 23. Rf1 Rxf1 24. Kxf1 Kg7 25. Bd5 Be5 26. Kg2 h5 27. Qc4 Bd4 28. Qd3 1/2-1/2

[Event "Karl Mala Memorial op-A 17th"]
[White "Reitz, Philipp"]
[Black "Zimmermann, Hendrik"]
[Site "Frankfurt"]
[Round "1"]
[Result "0-1"]
[Date "2014.07.31"]
[WhiteElo "1780"]
[BlackElo "2122"]
[PlyCount "98"]
[EventDate "2014.07.31"]
[EventType "swiss"]
[EventRounds "7"]
[EventCountry "GER"]
[SourceTitle "EXT 2015"]
[Source "ChessBase"]
[SourceDate "2014.11.20"]
[SourceVersion "1"]
[SourceVersionDate "2014.11.20"]
[SourceQuality "1"]

1. d4 f5 2. Nf3 Nf6 3. g3 g6 4. Bg2 Bg7 5. 0-0 0-0 6. c4 d6 7. Nc3 Nc6 8. d5 Na5 9. Qd3 c5 10. Ng5 Rb8 11. b3 a6 12. Rb1 Qe8 13. a4 Bd7 14. Ne6 Bxe6 15. dxe6 Nc6 16. Nd5 Nxd5 17. cxd5 Nb4 18. Qd2 b5 19. axb5 Qxb5 20. Bb2 Rb6 21. Bxg7 Kxg7 22. h4 Rf6 23. h5 Qe8 24. h6+ Kg8 25. e4 Qf8 26. Rfd1 Rb5 27. Bf1 Rb8 28. Bg2 f4 29. e5 dxe5 30. Qc3 Rc8 31. Qxe5 Rf5 32. Qg7+ Qxg7 33. hxg7 f3 34. d6 fxg2 35. dxe7 Rd5 36. Rxd5 Nxd5 37. Rd1 Nxe7 38. Rd7 Re8 39. Ra7 Kxg7 40. Rxa6 Kf6 41. Kxg2 Ke5 42. f4+ Kd5 43. g4 Nc6 44. f5 gxf5 45. gxf5 Rf8 46. b4 cxb4 47. e7 Nxe7 48. Rh6 Nxf5 49. Rxh7 Nd4 0-1

[Event "Eschborn op 10th"]
[White "Zimmermann, Hendrik"]
[Black "Schmittdiel, Eckhard"]
[Site "Eschborn"]
[Round "3"]
[Result "0-1"]
[Date "2013.08.31"]
[WhiteElo "2161"]
[BlackElo "2369"]
[PlyCount "128"]
[EventDate "2013.08.30"]
[EventType "swiss"]
[EventRounds "5"]
[EventCountry "GER"]
[SourceTitle "EXT 2014"]
[Source "ChessBase"]
[SourceDate "2013.11.20"]
[SourceVersion "1"]
[SourceVersionDate "2013.11.20"]
[SourceQuality "1"]

1. c4 c5 2. g3 Nc6 3. Bg2 e5 4. Nc3 d6 5. Nf3 g5 6. d3 h6 7. h4 g4 8. Nh2 f5 9. Nf1 Nf6 10. Ne3 Bg7 11. Ned5 0-0 12. a3 Rb8 13. b4 Nd4 14. e3 Nf3+ 15. Bxf3 gxf3 16. Bb2 Ng4 17. Qxf3 e4 18. Qe2 Ne5 19. 0-0-0 cxb4 20. axb4 exd3 21. Rxd3 Nxc4 22. Nd1 Nxb2 23. Nxb2 Be6 24. Kb1 b5 25. Rc1 a5 26. Qd2 axb4 27. Qxb4 Rf7 28. Rc6 Bf8 29. Kc1 Ra7 30. Kd1 Ra1+ 31. Ke2 Rb1 32. Qd2 b4 33. Kf3 Qa5 34. Nc7 Bf7 35. Nc4 Bh5+ 36. Kf4 Qa4 37. Rdxd6 Rd1 38. Qxd1 Bxd1 39. Rg6+ Kh8 40. Nd5 Qc2 41. Nf6 Bg7 42. f3 Rf8 43. Rc7 Rxf6 44. Rgxg7 Qxc4+ 45. Rxc4 Kxg7 46. Rxb4 Kg6 47. Rd4 Bb3 48. Rb4 Bf7 49. Rd4 Rc6 50. e4 fxe4 51. Kxe4 Be6 52. Kf4 Bb3 53. Rb4 Bd1 54. Rd4 Rf6+ 55. Ke5 Bxf3 56. g4 Be2 57. Rb4 Ra6 58. Kf4 Bd1 59. Rd4 Ra4 60. Rxa4 Bxa4 61. Ke5 Bd7 62. Kf4 Kf7 63. Kf3 Ke6 64. Kf4 Bc6 0-1

[Event "Eschborn op 10th"]
[White "Zimmermann, Hendrik"]
[Black "Fischer, Lutz"]
[Site "Eschborn"]
[Round "1"]
[Result "1-0"]
[Date "2013.08.30"]
[WhiteElo "2161"]
[BlackElo "1675"]
[PlyCount "55"]
[EventDate "2013.08.30"]
[EventType "swiss"]
[EventRounds "5"]
[EventCountry "GER"]
[SourceTitle "EXT 2014"]
[Source "ChessBase"]
[SourceDate "2013.11.20"]
[SourceVersion "1"]
[SourceVersionDate "2013.11.20"]
[SourceQuality "1"]

1. c4 e5 2. g3 Nf6 3. Bg2 Nc6 4. Nc3 Bb4 5. Nd5 Bc5 6. Nf3 0-0 7. 0-0 d6 8. d3 h6 9. a3 a6 10. b4 Ba7 11. Bb2 Rb8 12. e3 Be6 13. Qb3 b5 14. Nd2 Nd7 15. Rac1 Ne7 16. Qc2 c5 17. bxc5 dxc5 18. Bc3 f6 19. Rb1 Nf5 20. Ne4 a5 21. Qd1 b4 22. Bd2 Nb6 23. Nxc5 Bxd5 24. cxd5 Qd6 25. Ne6 Rf7 26. e4 Ne7 27. axb4 axb4 28. Bxb4 1-0

[Event "Karl Mala Memorial op 15th"]
[White "Kersten, Uwe"]
[Black "Zimmermann, Hendrik"]
[Site "Frankfurt"]
[Round "5"]
[Result "1/2-1/2"]
[Date "2012.07.07"]
[WhiteElo "2331"]
[BlackElo "2105"]
[PlyCount "67"]
[EventDate "2012.07.05"]
[EventType "swiss"]
[EventRounds "7"]
[EventCountry "GER"]
[SourceTitle "CBM 149 Extra"]
[Source "ChessBase"]
[SourceDate "2012.08.24"]
[SourceVersion "1"]
[SourceVersionDate "2012.08.24"]
[SourceQuality "1"]

1. d4 f5 2. g3 Nf6 3. Bg2 g6 4. c4 Bg7 5. Nc3 d6 6. Nf3 0-0 7. 0-0 Nc6 8. d5 Na5 9. Nd2 c5 10. Rb1 Bd7 11. Qc2 a6 12. b3 b5 13. Bb2 Rb8 14. e3 Qe8 15. Ne2 Nb7 16. Rbe1 bxc4 17. bxc4 Nd8 18. Ba1 e5 19. dxe6 Nxe6 20. e4 Ng5 21. Nc3 f4 22. Ne2 Nh5 23. Bxg7 Kxg7 24. f3 Qe5 25. g4 Nf6 26. Rb1 h5 27. h4 Ne6 28. g5 Ng8 29. Qd3 Ne7 30. Bh3 Nc6 31. Rxb8 Rxb8 32. Nb3 Kf7 33. Rd1 Ke7 34. Qd2 1/2-1/2